[Event "Tournoi Skype 028B"]
[Site "Skype"]
[Date "????.??.??"]
[Round "3.16"]
[White "Bendre, Pankaj"]
[Black "Munoz Gonzalez, Martin"]
[Result "1-0"]
[WhiteElo "1182"]
[BlackElo "1406"]
[PlyCount "35"]

1. d4 Nf6 2. Bf4 d6 3. h3 Bf5 4. Nf3 Nbd7 5. c3 Nb6 6. e3 Rc8 7. Nbd2 Qd7 8. a4
a6 9. a5 Nbd5 10. Bg5 Ne4 11. Bh4 Ndf6 12. Nc4 Nd5 13. Bd3 Be6 14. Bxe4 Nf6 15.
Bd3 Qc6 16. Ncd2 Bd7 17. e4 Qb6 18. axb6 1-0

[Event "Tournoi Skype 028B"]
[Site "Skype"]
[Date "????.??.??"]
[Round "3.17"]
[White "Castillo, David"]
[Black "Guillaume, Mickael"]
[Result "1/2-1/2"]
[WhiteElo "1381"]
[BlackElo "1106"]
[PlyCount "70"]

1. d4 d5 2. Nf3 Nf6 3. Bf4 Nc6 4. c3 e6 5. e3 Be7 6. Be2 O-O 7. O-O h6 8. Nbd2
Ne4 9. Ne5 Nxe5 10. Bxe5 Bf6 11. Nf3 Bxe5 12. Nxe5 f6 13. Ng6 Rf7 14. Bh5 Rd7
15. Qc2 f5 16. f3 Nf6 17. Ne5 Rd6 18. Nf7 Qd7 19. Nxd6 Nxh5 20. Nxc8 Rxc8 21.
g4 fxg4 22. fxg4 Nf6 23. Rxf6 gxf6 24. Qg6+ Qg7 25. Qxg7+ Kxg7 26. Rf1 c5 27.
Rf2 cxd4 28. exd4 Kg6 29. Kg2 Rc6 30. Kg3 e5 31. dxe5 fxe5 32. h4 Kg7 33. h5
Rf6 34. Rd2 Rd6 35. Re2 e4 1/2-1/2

[Event "Tournoi Skype 028B"]
[Site "Skype"]
[Date "????.??.??"]
[Round "3.18"]
[White "Santos, Cleidilan"]
[Black "De Nobrega, George"]
[Result "1-0"]
[WhiteElo "1000"]
[BlackElo "1295"]
[PlyCount "67"]

1. d4 Nf6 2. Bf4 d5 3. e3 e6 4. Bd3 Bd6 5. Bxd6 Qxd6 6. c3 O-O 7. Nf3 Nc6 8.
O-O e5 9. dxe5 Nxe5 10. Nxe5 Qxe5 11. Nd2 Qg5 12. Nf3 Qh5 13. Re1 Bf5 14. Bxf5
Qxf5 15. h3 Rfe8 16. Qb3 b6 17. Rad1 Rad8 18. Nd4 Qd7 19. Qb5 Qd6 20. Nc6 Ra8
21. Nd4 Re5 22. Qc6 Qxc6 23. Nxc6 Rf5 24. Ne7+ Kf8 25. Nxf5 g6 26. Nd4 a6 27.
a3 c5 28. Ne2 Re8 29. Nf4 Re5 30. Nd3 Rf5 31. Re2 Ne4 32. Nf4 Ke7 33. Nxd5+ Ke6
34. Nxb6 1-0

[Event "Tournoi Skype 028B"]
[Site "Skype"]
[Date "????.??.??"]
[Round "3.19"]
[White "Crocioni, Luca"]
[Black "Rodriguez, Nathalie"]
[Result "0-1"]
[WhiteElo "1000"]
[BlackElo "1266"]
[PlyCount "76"]

1. e4 e5 2. Nf3 Nc6 3. Bc4 h6 4. Nc3 Nf6 5. Bb5 Bc5 6. h3 a6 7. Bc4 d6 8. d3
Bd7 9. Qe2 Nd4 10. Nxd4 Bxd4 11. Nd5 Nxd5 12. exd5 O-O 13. c3 Bb6 14. O-O Bb5
15. Bxb5 axb5 16. Qf3 f6 17. Qg3 g5 18. Be3 Qe7 19. Bxb6 cxb6 20. f4 exf4 21.
Rxf4 Qe5 22. d4 Qxf4 23. Qe1 Rae8 24. Qd1 Re4 25. Qh5 Kg7 26. Rf1 Qe3+ 27. Kh2
Rf4 28. Rb1 Rf2 29. Qg4 Kg6 30. h4 Qd2 31. h5+ Kg7 32. Rg1 f5 33. Qg3 f4 34.
Qg4 f3 35. Qd7+ Rf7 36. Qxd6 Rxg2+ 37. Kh1 Rxg1+ 38. Kxg1 Qg2# 0-1

[Event "Tournoi Skype 028B"]
[Site "Skype"]
[Date "????.??.??"]
[Round "3.21"]
[White "Tembhurnekar, Ritu"]
[Black "Vaquero, Roberto"]
[Result "1-0"]
[WhiteElo "1198"]
[BlackElo "1000"]
[PlyCount "53"]

1. d4 Nf6 2. Bf4 d5 3. e3 Bf5 4. Bd3 Bg6 5. Nf3 e6 6. O-O c5 7. c3 Ne4 8. Qb3
b6 9. Bb5+ Nd7 10. Ne5 Nef6 11. Nd2 a6 12. Bxd7+ Nxd7 13. Nxd7 Qxd7 14. Qxb6
Be7 15. dxc5 O-O 16. Nf3 f6 17. c6 Qc8 18. Qb7 e5 19. Qxe7 exf4 20. exf4 Re8
21. Qc5 Be4 22. Rfe1 Qc7 23. Nd2 f5 24. Nxe4 dxe4 25. Rad1 g6 26. Rd7 Qxf4 27.
Qd5+ 1-0

[Event "Tournoi Skype 028B"]
[Site "Skype"]
[Date "????.??.??"]
[Round "3.22"]
[White "Barba Cepeda, Julio Cesar"]
[Black "Luna Perez Vico, Lorenzo"]
[Result "1-0"]
[WhiteElo "1087"]
[BlackElo "1458"]
[PlyCount "75"]

1. e4 c5 2. Nf3 Nc6 3. c3 Nf6 4. e5 Ng8 5. Bc4 e6 6. O-O Nge7 7. d4 cxd4 8.
cxd4 Nd5 9. Nc3 Nxc3 10. bxc3 d5 11. Bd3 Be7 12. a4 Bd7 13. a5 Nxa5 14. Qe2 Qc7
15. Ng5 Bxg5 16. Bxg5 h6 17. Bd2 Nb3 18. Rab1 Nxd2 19. Qxd2 a6 20. Rfc1 b5 21.
Be2 Rb8 22. Qf4 Qd8 23. Ra1 Ra8 24. Qg3 a5 25. Qxg7 Rf8 26. Qxh6 a4 27. Ra3 Qe7
28. Rca1 b4 29. cxb4 Qxb4 30. Qc1 Qxd4 31. Rb1 Qxe5 32. Bb5 Bxb5 33. Rxb5 Qd6
34. Rbb3 Kd7 35. Rb7+ Kd8 36. h3 Qa6 37. Qc7+ Ke8 38. Qd7# 1-0

[Event "Tournoi Skype 028B"]
[Site "Skype"]
[Date "????.??.??"]
[Round "3.23"]
[White "Ruiz Aguilera, Juan Jesus"]
[Black "Morales Rubiella, Albert"]
[Result "0-1"]
[WhiteElo "1083"]
[BlackElo "1419"]
[PlyCount "36"]

1. d4 Nf6 2. Bf4 d6 3. e3 g6 4. Nf3 Bg7 5. Nc3 Bf5 6. Bd3 Nbd7 7. O-O Nh5 8.
Bg3 e5 9. dxe5 Nxg3 10. fxg3 dxe5 11. e4 Be6 12. Bb5 c6 13. Bd3 Nc5 14. Ne1 Qb6
15. Kh1 Qxb2 16. Rb1 Qxc3 17. Qf3 Bxa2 18. Rb2 Qxb2 0-1

[Event "Tournoi Skype 028B"]
[Site "Skype"]
[Date "????.??.??"]
[Round "3.24"]
[White "Abdulrazzaq, Mohsen"]
[Black "Escudero Ocana, Francisco"]
[Result "1-0"]
[WhiteElo "1080"]
[BlackElo "1398"]
[PlyCount "59"]

1. e4 e5 2. Nf3 Nc6 3. Bb5 d6 4. O-O Bd7 5. d4 a6 6. Be2 Nf6 7. Nc3 Bg4 8. dxe5
Bxf3 9. Bxf3 Nxe5 10. Bg5 Be7 11. h3 c6 12. Qe2 Qc7 13. a4 Rd8 14. b4 d5 15. b5
dxe4 16. Nxe4 Nxf3+ 17. Qxf3 cxb5 18. axb5 Qxc2 19. bxa6 Nxe4 20. Bxe7 Kxe7 21.
Rfe1 Rd4 22. axb7 Rb8 23. Rac1 Qa4 24. Rc7+ Kd6 25. Qf4+ Kd5 26. Rd7+ Qxd7 27.
Qxb8 Nc5 28. Qe5+ Kc4 29. Rc1+ Kd3 30. Qe3# 1-0

[Event "Tournoi Skype 028B"]
[Site "Skype"]
[Date "????.??.??"]
[Round "3.25"]
[White "Maccaferri, Massimo"]
[Black "Duthoit, Bernard"]
[Result "0-1"]
[WhiteElo "1074"]
[BlackElo "1379"]
[PlyCount "102"]

1. e4 e6 2. g4 c5 3. b3 Qf6 4. c3 Nc6 5. Ba3 b6 6. d4 d6 7. Qc2 cxd4 8. Bb2 e5
9. h4 Bb7 10. Nd2 Be7 11. Bh3 Qxh4 12. Qd1 Nf6 13. Nc4 Nxe4 14. Qe2 Ng5 15. Nf3
Nxf3+ 16. Qxf3 Nd8 17. Bg2 Bxf3 18. Rxh4 Bxh4 19. Bxf3 Rb8 20. Nxd6+ Kd7 21.
Nf5 Bf6 22. cxd4 exd4 23. Bxd4 Bxd4 24. Nxd4 Re8+ 25. Be2 Rc8 26. Rd1 Nc6 27.
Nf5+ Kc7 28. Nd6 Ne5 29. g5 Nf3+ 30. Kf1 Nxg5 31. Nxe8+ Rxe8 32. Bg4 h6 33.
Rd7+ Kc6 34. Rxa7 g6 35. a4 f5 36. Be2 Kc5 37. a5 bxa5 38. Rxa5+ Kb4 39. Rb5+
Kc3 40. b4 Re4 41. Ra5 Rxb4 42. Ra3+ Rb3 43. Ra2 Rb1+ 44. Kg2 Rb2 45. Ra3+ Kb4
46. Rg3 Ne4 47. Re3 g5 48. f3 Nc3 49. Kg3 Rxe2 50. Rxe2 Nxe2+ 51. Kg2 Nd4 0-1

[Event "Tournoi Skype 028B"]
[Site "Skype"]
[Date "????.??.??"]
[Round "3.26"]
[White "Gerbaux, Regis"]
[Black "Vincent, Andre"]
[Result "0-1"]
[WhiteElo "1073"]
[BlackElo "1377"]
[PlyCount "42"]

1. Nf3 d5 2. d4 c6 3. Bf4 Bf5 4. c3 Nf6 5. Nbd2 Nbd7 6. Qb3 b5 7. Be5 h6 8.
Bxf6 exf6 9. e3 a6 10. Be2 Bd6 11. O-O O-O 12. h3 Re8 13. Nh4 Bh7 14. f3 f5 15.
Bd3 Qxh4 16. Qd1 Nf6 17. Qc2 Rxe3 18. Bxf5 Rae8 19. Bxh7+ Nxh7 20. Qd1 Qg3 21.
f4 Bxf4 0-1

[Event "Tournoi Skype 028B"]
[Site "Skype"]
[Date "????.??.??"]
[Round "3.27"]
[White "Montilla Bejarano, Carmen"]
[Black "Figueiredo, Oneide De Souza"]
[Result "0-1"]
[WhiteElo "1073"]
[BlackElo "1372"]
[PlyCount "86"]

1. e4 e5 2. Nf3 Nc6 3. Bc4 Nd4 4. Nxe5 Qg5 5. Ng4 d6 6. h3 Bxg4 7. hxg4 Nf6 8.
f3 h5 9. d3 Qe5 10. c3 Qg3+ 11. Kf1 Ne6 12. Rh3 Qe5 13. d4 Qa5 14. b4 Qb6 15.
Qa4+ c6 16. d5 Nd8 17. Bf4 Be7 18. g5 Nd7 19. Qa5 Ne5 20. Qxb6 axb6 21. Bxe5
dxe5 22. dxc6 bxc6 23. a4 Bxg5 24. Ra2 Nb7 25. g4 h4 26. Bb3 c5 27. Bd5 Ra7 28.
Bc6+ Ke7 29. Bxb7 Rxb7 30. b5 Bf4 31. Nd2 g5 32. Nc4 Rd8 33. a5 bxa5 34. Rxa5
Rd3 35. Ke2 Rxc3 36. Na3 Re3+ 37. Kf2 Kf6 38. Ra6+ Kg7 39. b6 Rb3 40. Nc4 Rb4
41. Ra7 Rb8 42. Ra6 Rxc4 43. b7 Rxb7 0-1

[Event "Tournoi Skype 028B"]
[Site "Skype"]
[Date "????.??.??"]
[Round "3.28"]
[White "Raudales, Victor"]
[Black "Clayton, Estelita"]
[Result "1-0"]
[WhiteElo "1340"]
[BlackElo "1072"]
[PlyCount "93"]

1. e4 e5 2. Nf3 d6 3. Bc4 Be6 4. Bxe6 fxe6 5. O-O Nf6 6. Re1 g6 7. c3 Bg7 8.
Qb3 Qc8 9. d4 O-O 10. dxe5 Ne8 11. exd6 Nxd6 12. Ng5 Re8 13. Bf4 Nf7 14. Nxf7
Kxf7 15. Nd2 Nd7 16. Nf3 h6 17. Rad1 Nf8 18. Be5 Bxe5 19. Nxe5+ Kg8 20. Ng4 Kg7
21. c4 c6 22. Qc3+ e5 23. Nxe5 Rxe5 24. Qxe5+ Kg8 25. Qf6 Qe6 26. Qxe6+ Nxe6
27. e5 Kg7 28. Rd7+ Kf8 29. Rxb7 Nc5 30. Rc7 Nd3 31. Re2 c5 32. e6 Nf4 33. Rf7+
Ke8 34. Rxf4 Ke7 35. Rf7+ Kd6 36. e7 Re8 37. Rf6+ Kd7 38. Rxg6 Rxe7 39. Rxe7+
Kxe7 40. Rxh6 a5 41. Ra6 a4 42. Rxa4 Kd6 43. h4 Ke5 44. h5 Kf6 45. Ra5 Kg5 46.
Rxc5+ Kh6 47. a4 1-0

[Event "Tournoi Skype 028B"]
[Site "Skype"]
[Date "????.??.??"]
[Round "3.29"]
[White "Dib, Catherine"]
[Black "Frances, Carlos Alberto"]
[Result "0-1"]
[WhiteElo "1070"]
[BlackElo "1324"]
[PlyCount "48"]

1. Nf3 Nf6 2. c4 d5 3. cxd5 Nxd5 4. g3 Bf5 5. Bg2 Nd7 6. O-O e6 7. Re1 N5f6 8.
d3 Bd6 9. e4 Bg4 10. e5 Nxe5 11. Bf4 Nxf3+ 12. Bxf3 Bxf4 13. Bxg4 Bd6 14. Bf3
c6 15. Nc3 O-O 16. Rc1 Qb6 17. Qd2 Rad8 18. Ne4 Nxe4 19. Bxe4 Bb4 20. Qe2 Bxe1
21. Rxe1 Rd4 22. Rd1 Rfd8 23. b3 R8d6 24. f4 Rxe4+ 0-1

[Event "Tournoi Skype 028B"]
[Site "Skype"]
[Date "????.??.??"]
[Round "3.30"]
[White "Homme, Jim"]
[Black "Mhabdi, Mahesh"]
[Result "0-1"]
[WhiteElo "1066"]
[BlackElo "1312"]
[PlyCount "22"]

1. e4 e5 2. Nf3 Nc6 3. Bc4 Nf6 4. Ng5 d5 5. exd5 Nxd5 6. Bxd5 Qxd5 7. Nc3 Qxg2
8. Rg1 Qxg1+ 9. Ke2 Qxg5 10. d3 Nd4+ 11. Ke1 Qg1+ 0-1

[Event "Tournoi Skype 028B"]
[Site "Skype"]
[Date "????.??.??"]
[Round "3.31"]
[White "Berbedes, Jorgelina"]
[Black "Vervoort, Jean-Louis"]
[Result "0-1"]
[WhiteElo "1061"]
[BlackElo "1273"]
[PlyCount "42"]

1. d4 d5 2. Bg5 Nf6 3. Bxf6 gxf6 4. Nf3 Bg4 5. Nbd2 Nc6 6. e3 e5 7. Bb5 Qd7 8.
e4 O-O-O 9. Qe2 Bh6 10. h3 Bxf3 11. Nxf3 Qe6 12. Bxc6 bxc6 13. g4 Rhg8 14. Rg1
Rg6 15. h4 Rxg4 16. Rxg4 Qxg4 17. exd5 cxd5 18. b4 Rg8 19. Kf1 e4 20. Qa6+ Kb8
21. Qxf6 exf3 0-1

[Event "Tournoi Skype 028B"]
[Site "Skype"]
[Date "????.??.??"]
[Round "3.33"]
[White "Clemente Alcahua, Kaparso"]
[Black "Trapletti, Cosetta"]
[Result "1-0"]
[WhiteElo "1232"]
[BlackElo "1026"]
[PlyCount "51"]

1. e4 e5 2. Nf3 Nc6 3. c3 d6 4. h3 Nf6 5. Bd3 Be6 6. O-O Qd7 7. Bc2 O-O-O 8. d3
Be7 9. Be3 d5 10. Nbd2 d4 11. cxd4 exd4 12. Bf4 h6 13. Nc4 Nh5 14. Nce5 Qe8 15.
Nxc6 Qxc6 16. Ne5 Qe8 17. Qxh5 g6 18. Qd1 f6 19. Nxg6 Qxg6 20. Bg3 Bd6 21. Qf3
f5 22. e5 Bf7 23. exd6 cxd6 24. Rfe1 h5 25. Re7 Rhf8 26. Qxb7# 1-0

[Event "Tournoi Skype 028B"]
[Site "Skype"]
[Date "????.??.??"]
[Round "3.34"]
[White "Hernandez, Enrique"]
[Black "Chavez, Isidro"]
[Result "1-0"]
[WhiteElo "1009"]
[BlackElo "1227"]
[PlyCount "73"]

1. e4 d6 2. d4 e6 3. Bd3 c6 4. Nf3 Nf6 5. O-O h6 6. e5 Nd5 7. Bd2 Be7 8. c4 Nc7
9. Bb4 c5 10. exd6 Bxd6 11. dxc5 Be7 12. Be4 O-O 13. Qxd8 Rxd8 14. Ba5 Rd4 15.
Nxd4 Nca6 16. c6 Bc5 17. cxb7 Bxb7 18. Bxb7 Bxd4 19. Bc3 e5 20. Bxa8 Nc7 21.
Bxd4 exd4 22. Rd1 Nxa8 23. Rxd4 Nc6 24. Rd6 Nb4 25. Rd8+ Kh7 26. Rxa8 Nc2 27.
Na3 Nxa1 28. Rxa7 Kg6 29. c5 Kf6 30. c6 Ke6 31. c7 Kd7 32. b4 f5 33. b5 g5 34.
b6 Kc8 35. Ra8+ Kb7 36. c8=Q+ Kxb6 37. Ra6# 1-0

[Event "Tournoi Skype 028B"]
[Site "Skype"]
[Date "????.??.??"]
[Round "3.35"]
[White "Moumtaz, Abderrahim"]
[Black "Almendares, Maximo"]
[Result "1-0"]
[WhiteElo "1226"]
[BlackElo "1000"]
[PlyCount "97"]

1. d4 Nf6 2. c4 e6 3. Bg5 d5 4. Nc3 Nbd7 5. Nf3 c6 6. cxd5 exd5 7. e4 Be7 8. e5
Ne4 9. Bxe7 Qxe7 10. Qc2 Ndf6 11. Be2 Nh5 12. Nxe4 dxe4 13. Qxe4 g6 14. O-O O-O
15. Qh4 Qd7 16. Bd3 Ng7 17. Qf6 Ne6 18. Qh4 c5 19. Rfd1 Nxd4 20. Ng5 h5 21. Ne4
Qc6 22. Nf6+ Kg7 23. Rac1 Bf5 24. Be4 Bxe4 25. Qxe4 Rfd8 26. Qxc6 bxc6 27. Kf1
Ne6 28. Rxd8 Rxd8 29. a3 Rd4 30. Ne8+ Kf8 31. Nd6 h4 32. h3 Nf4 33. Re1 Ke7 34.
Nc8+ Kd7 35. Nxa7 c4 36. Rc1 g5 37. b4 cxb3 38. Nxc6 Rd2 39. Nb8+ Ke6 40. Na6
b2 41. Rb1 Nd3 42. f3 Rf2+ 43. Kg1 Kxe5 44. Nb4 Rd2 45. Nxd3+ Rxd3 46. Rxb2
Rxa3 47. Re2+ Kf4 48. Re4+ Kg3 49. Rg4# 1-0

[Event "Tournoi Skype 028B"]
[Site "Skype"]
[Date "????.??.??"]
[Round "3.36"]
[White "Arias, Iliak"]
[Black "Thavorath, Nirandas"]
[Result "0-1"]
[WhiteElo "1000"]
[BlackElo "1226"]
[PlyCount "50"]

1. e4 e5 2. Nf3 Nf6 3. d3 Bc5 4. h3 d5 5. Be2 O-O 6. O-O Nc6 7. Bg5 dxe4 8.
dxe4 Qe7 9. Nc3 Be6 10. Qc1 Nd4 11. Nxd4 exd4 12. Na4 Bd6 13. Re1 Qd7 14. b3
Nxe4 15. Be3 dxe3 16. fxe3 Bxh3 17. Bf3 Qf5 18. Rf1 Ng5 19. e4 Qe5 20. Kf2 Nxf3
21. gxh3 Qg3+ 22. Ke2 Nd4+ 23. Kd1 Qg2 24. Re1 Qf3+ 25. Kd2 Bf4+ 0-1

[Event "Tournoi Skype 028B"]
[Site "Skype"]
[Date "????.??.??"]
[Round "3.37"]
[White "Rosenkoetter, David"]
[Black "Barajas, Nestor"]
[Result "1-0"]
[WhiteElo "1216"]
[BlackElo "1000"]
[PlyCount "63"]

1. e4 e5 2. Nf3 Nc6 3. d4 d6 4. dxe5 dxe5 5. Qxd8+ Nxd8 6. Bc4 Nf6 7. Nxe5 Bd6
8. Bf4 Ne6 9. Bxe6 fxe6 10. f3 O-O 11. Nc3 b6 12. O-O Nh5 13. g3 Nxf4 14. gxf4
Ba6 15. Rfd1 Bc5+ 16. Kh1 Rxf4 17. Rd7 c6 18. Rad1 Bc8 19. Rd8+ Bf8 20. Ne2 Rh4
21. Nd7 h5 22. Nxf8 e5 23. Ng6+ Kf7 24. Nxh4 a5 25. Nf5 g6 26. Nd6+ Kg7 27.
Nxc8 b5 28. R1d6 Ra6 29. h4 a4 30. R8d7+ Kh6 31. Ng3 b4 32. Nf5# 1-0

[Event "Tournoi Skype 028B"]
[Site "Skype"]
[Date "????.??.??"]
[Round "3.38"]
[White "Campos Silva, Lucas"]
[Black "Malbec, Robert"]
[Result "1-0"]
[WhiteElo "1000"]
[BlackElo "1214"]
[PlyCount "41"]

1. d4 d5 2. Nf3 Nf6 3. Bg5 e6 4. c4 c6 5. e3 Nbd7 6. c5 Be7 7. Bd3 h6 8. Bf4
Qa5+ 9. Nc3 O-O 10. a3 b5 11. b4 Qd8 12. O-O Nh5 13. Bg3 Nxg3 14. fxg3 Nf6 15.
Bc2 Bb7 16. Qd3 a5 17. Ne5 axb4 18. Rxf6 g6 19. Nxg6 Bxf6 20. Ne7+ Qxe7 21.
Qh7# 1-0

[Event "Tournoi Skype 028B"]
[Site "Skype"]
[Date "????.??.??"]
[Round "3.39"]
[White "Delgado, Bryan"]
[Black "Conde, Carmen"]
[Result "1/2-1/2"]
[WhiteElo "1000"]
[BlackElo "1207"]
[PlyCount "108"]

1. d4 e6 2. e4 d6 3. c4 h6 4. Nc3 c6 5. Bf4 Nf6 6. e5 Nh7 7. Qg4 g5 8. Bg3 d5
9. c5 Bg7 10. Bh4 Nd7 11. Bd3 f6 12. Qh5+ Ke7 13. Bg3 fxe5 14. dxe5 Nxc5 15.
Bg6 Kd7 16. Nf3 Kc7 17. O-O Bd7 18. h4 Be8 19. Bxe8 Rxe8 20. hxg5 Nxg5 21. Nxg5
hxg5 22. Rad1 Rh8 23. Qf7+ Qd7 24. Qxd7+ Kxd7 25. b4 Na6 26. b5 Nc7 27. bxc6+
bxc6 28. Ne4 Raf8 29. Nc5+ Ke7 30. Rb1 Rh6 31. f3 Rfh8 32. Rb7 Rc8 33. Rxa7 Bf8
34. Nd3 Kd8 35. Rc1 Nb5 36. Ra6 c5 37. Bf2 Nd4 38. Bxd4 cxd4 39. Rxc8+ Kxc8 40.
Ra8+ Kc7 41. Rxf8 Kb6 42. Rf6 Rh7 43. Rxe6+ Kb5 44. Rd6 Ra7 45. Nc1 Kc5 46. Kf2
Re7 47. Nd3+ Kc4 48. Ke2 Ra7 49. Rc6+ Kb5 50. Rc2 Re7 51. a3 Re6 52. a4+ Kb6
53. Rc5 Rxe5+ 54. Nxe5 Kxc5 1/2-1/2

[Event "Tournoi Skype 028B"]
[Site "Skype"]
[Date "????.??.??"]
[Round "3.40"]
[White "Franca, Adilson Mendes"]
[Black "Douichi, Mohammed"]
[Result "0-1"]
[WhiteElo "1000"]
[BlackElo "1203"]
[PlyCount "74"]

1. e4 e5 2. Nf3 Nc6 3. Bc4 a6 4. Ng5 Qxg5 5. d3 Qxg2 6. Ke2 Nd4+ 7. Kd2 Qxf2+
8. Kc3 Ne2+ 9. Kb3 Nxc1+ 10. Qxc1 Nf6 11. Nc3 Qb6+ 12. Bb5 axb5 13. a3 d6 14.
Ka2 b4 15. Nd5 Be6 16. Kb1 Bxd5 17. exd5 Nxd5 18. a4 Be7 19. b3 Nc3+ 20. Kb2
Qd4 21. Qg1 Ne2+ 22. Qxd4 Nxd4 23. Rhg1 O-O 24. h3 Bh4 25. Rg4 Bf2 26. Rh1 Nf3
27. Rf1 Bd4+ 28. Ka2 Nd2 29. Rf5 Be3 30. h4 h6 31. Rg3 Bd4 32. h5 Rae8 33. Rg2
Bc3 34. Rff2 e4 35. Rg4 e3 36. Rfg2 Nf3 37. Rxg7+ Bxg7 0-1

[Event "Tournoi Skype 028B"]
[Site "Skype"]
[Date "????.??.??"]
[Round "3.41"]
[White "Funez, Lilian"]
[Black "Alarcon Alarcon, Marina"]
[Result "1/2-1/2"]
[WhiteElo "1000"]
[BlackElo "1198"]
[PlyCount "97"]

1. e4 e5 2. Nf3 Nc6 3. Bb5 d6 4. d4 a6 5. Bxc6+ bxc6 6. dxe5 Bg4 7. exd6 Bxf3
8. Qxf3 Qxd6 9. O-O Be7 10. Bf4 Qd7 11. Nd2 Nh6 12. h3 Rd8 13. Nc4 Bc5 14. Ne5
Qe6 15. Qc3 Bd6 16. Qxc6+ Kf8 17. Rad1 f6 18. Ng6+ hxg6 19. Bxd6+ Rxd6 20. Rxd6
Qxd6 21. Qa8+ Kf7 22. Qxh8 Qe5 23. Qh7 Qxe4 24. Qh8 f5 25. Qd8 Qe5 26. Qd7+ Kg8
27. Rd1 Nf7 28. c4 f4 29. Qg4 g5 30. Qf3 Nd6 31. Qd5+ Nf7 32. Qxe5 Nxe5 33. c5
Kf7 34. c6 Nxc6 35. Rc1 Nb4 36. Rxc7+ Kf6 37. a3 Nd5 38. Rc6+ Kf5 39. Rxa6 g6
40. g4+ Ke4 41. Kg2 f3+ 42. Kg3 Nf4 43. Ra4+ Ke5 44. Ra5+ Ke4 45. Rxg5 Ne2+ 46.
Kh4 Nf4 47. Kg3 Ne2+ 48. Kh4 Nf4 49. Kg3 1/2-1/2

[Event "Tournoi Skype 028B"]
[Site "Skype"]
[Date "????.??.??"]
[Round "3.42"]
[White "Garganese, Paolo"]
[Black "Ruiz Gomez, Luz Alba"]
[Result "1-0"]
[WhiteElo "1000"]
[BlackElo "1190"]
[PlyCount "81"]

1. e4 e5 2. Nf3 Nc6 3. Bb5 a6 4. Ba4 Nf6 5. Qe2 b5 6. Bb3 Bc5 7. c3 O-O 8. O-O
h6 9. Rd1 d6 10. d4 Bb6 11. h3 Re8 12. Bc2 Be6 13. d5 Na5 14. dxe6 Rxe6 15. Be3
Ba7 16. Nbd2 Nc6 17. Nf1 Ne7 18. Bxa7 Rxa7 19. Ne3 c6 20. c4 Qb6 21. Nf5 Qc7
22. b4 Ng6 23. g3 Ne7 24. c5 dxc5 25. bxc5 Nxf5 26. exf5 Re8 27. Be4 Qb8 28.
Bxc6 Rc8 29. Qxe5 Rac7 30. Rd6 Rd8 31. Re1 Qc8 32. Rxd8+ Qxd8 33. Nd4 Rc8 34.
Bf3 Kh7 35. c6 b4 36. Qc5 a5 37. Re7 Kg8 38. c7 Qf8 39. Bb7 Re8 40. Rxe8 Nd7
41. Rxf8+ 1-0

[Event "Tournoi Skype 028B"]
[Site "Skype"]
[Date "????.??.??"]
[Round "3.43"]
[White "Gomez Caballero, Blas"]
[Black "Florez Beltran, Leidy Lucila"]
[Result "0-1"]
[WhiteElo "1000"]
[BlackElo "1176"]
[PlyCount "78"]

1. e4 e5 2. Nf3 Nc6 3. Bc4 Bc5 4. Ng5 Qxg5 5. d4 Qe7 6. dxc5 Qxc5 7. Qd5 Qxd5
8. Bxd5 Nce7 9. Nc3 h6 10. Nb5 Rb8 11. Bb3 Nf6 12. f3 O-O 13. O-O c6 14. Nc3 d5
15. exd5 cxd5 16. Ne2 Bf5 17. Ng3 Be6 18. Bd2 Nc6 19. Rae1 Rbc8 20. Bc3 d4 21.
Bd2 Rfe8 22. f4 exf4 23. Rxf4 Bxb3 24. axb3 Rxe1+ 25. Bxe1 Nd5 26. Rf2 Re8 27.
Bd2 Nf6 28. b4 b5 29. Rf5 a6 30. Rc5 Re6 31. Kf2 Ng4+ 32. Kf3 Nf6 33. Kf4 Nd7
34. Rd5 Nb6 35. Rxd4 Nxd4 36. c3 Ne2+ 37. Kf3 Nxg3 38. hxg3 g5 39. g4 Nc4 0-1

[Event "Tournoi Skype 028B"]
[Site "Skype"]
[Date "????.??.??"]
[Round "3.44"]
[White "Gomez Zuluaga, Jorge Adiel"]
[Black "Linares Vernet, Ana"]
[Result "0-1"]
[WhiteElo "1000"]
[BlackElo "1175"]
[PlyCount "98"]

1. b4 c6 2. Bb2 Nf6 3. e3 e5 4. Bxe5 Nd5 5. c3 d6 6. Bg3 Be6 7. Nf3 Be7 8. Be2
Nd7 9. O-O N5f6 10. d4 Ne4 11. Bf4 d5 12. h3 Ndf6 13. Be5 Bd6 14. Bxd6 Qxd6 15.
Qc2 a6 16. Nbd2 Nxd2 17. Qxd2 Ne4 18. Qd3 f5 19. Ne5 O-O 20. f4 Ng3 21. Rf2
Nxe2+ 22. Qxe2 Rf6 23. a4 Bc8 24. a5 Qc7 25. c4 b6 26. cxd5 cxd5 27. Qf3 Bb7
28. Kh2 b5 29. g4 fxg4 30. Qxg4 Qd6 31. Rb1 Bc8 32. Qg3 Rh6 33. Rg2 Rxh3+ 34.
Qxh3 Bxh3 35. Kxh3 Qh6+ 36. Kg3 Rc8 37. Rbg1 Rc3 38. Kf3 Rc7 39. Rg5 Qh3+ 40.
R1g3 Qf1+ 41. Kg4 Qe2+ 42. Kf5 Qc2+ 43. Ke6 h6 44. Rg6 Rb7 45. Kxd5 Qb3+ 46.
Kc6 Re7 47. f5 Qc3+ 48. Kb6 Qc7+ 49. Kxa6 Qb7# 0-1

[Event "Tournoi Skype 028B"]
[Site "Skype"]
[Date "????.??.??"]
[Round "3.45"]
[White "Mercado, Joseph"]
[Black "Bonilla, Cesar"]
[Result "0-1"]
[WhiteElo "1000"]
[BlackElo "1172"]
[PlyCount "56"]

1. e4 c5 2. Bc4 Nc6 3. Nf3 g6 4. Ng5 e6 5. d3 Bg7 6. Qf3 Nf6 7. h4 O-O 8. h5
Nxh5 9. Rxh5 gxh5 10. Qxh5 h6 11. Nh3 Nd4 12. Na3 d5 13. exd5 exd5 14. Bxd5
Qe7+ 15. Be3 Nf5 16. O-O-O Qf6 17. c3 Be6 18. Be4 Rad8 19. Bxc5 Rfe8 20. Nf4
Bxa2 21. Bxf5 Re5 22. Bd4 Rxd4 23. cxd4 Rxf5 24. Qe2 Rxf4 25. Nc4 Rxf2 26. Qe8+
Bf8 27. Ne5 Qg5+ 28. Rd2 Qxd2# 0-1

[Event "Tournoi Skype 028B"]
[Site "Skype"]
[Date "????.??.??"]
[Round "3.46"]
[White "Rodriguez, Omar Alexander"]
[Black "Yanez, Leticia Jorgelina"]
[Result "1-0"]
[WhiteElo "1000"]
[BlackElo "1147"]
[PlyCount "85"]

1. Nf3 Nf6 2. c4 e6 3. Nc3 d5 4. d4 Bb4 5. cxd5 O-O 6. dxe6 Bxe6 7. a3 Bd6 8.
e3 c5 9. Bb5 Bg4 10. h3 Bxf3 11. Qxf3 Nbd7 12. Qxb7 Rb8 13. Qa6 Bc7 14. O-O Ra8
15. Rd1 Qe7 16. Bc6 Qd6 17. Nb5 Qh2+ 18. Kf1 Qh1+ 19. Ke2 Qh2 20. Nxc7 Qxc7 21.
Bxa8 Rxa8 22. d5 c4 23. Qc6 Rc8 24. Qxc7 Rxc7 25. d6 Rc5 26. Rb1 h6 27. b3 c3
28. Rd4 Ne5 29. f4 c2 30. Rb2 Rd5 31. Rxd5 Nxd5 32. fxe5 Nc3+ 33. Kd3 h5 34.
Kxc3 a5 35. Rxc2 a4 36. d7 Kh7 37. d8=Q Kg6 38. Rf2 Kh7 39. Qd3+ g6 40. Rxf7+
Kh6 41. e4+ g5 42. Qf3 h4 43. Qf5 1-0

[Event "Tournoi Skype 028B"]
[Site "Skype"]
[Date "????.??.??"]
[Round "3.47"]
[White "Vasquez Donaire, Ivis Godofredo"]
[Black "Mendoza Lainez, Ricardo Jose"]
[Result "0-1"]
[WhiteElo "1000"]
[BlackElo "1137"]
[PlyCount "116"]

1. e4 e5 2. Nf3 Bc5 3. Bc4 c6 4. Bb3 d5 5. d3 Nf6 6. O-O O-O 7. c3 Bg4 8. Nbd2
dxe4 9. dxe4 Nbd7 10. h3 Bh5 11. Bc2 Qb6 12. Nc4 Bxf2+ 13. Rxf2 Qc5 14. Ne3
Rad8 15. b4 Qb6 16. Qd3 Nc5 17. bxc5 Qxc5 18. Qc4 Qd6 19. Rd2 b5 20. Rxd6 bxc4
21. Rxc6 h6 22. Rxc4 g5 23. Nf5 Kh7 24. Nxe5 g4 25. Bxh6 Rg8 26. Ra4 gxh3 27.
Bg7 Rde8 28. Nc6 Nxe4 29. Rxa7 Ng5 30. Nd6+ Kxg7 31. Nxe8+ Kh6 32. Nf6 Nf3+ 33.
Kf2 Rxg2+ 34. Ke3 Rxc2 35. Ng8+ Kg5 36. Ra5+ Kg4 37. Nf6+ Kg3 38. Nxh5+ Kg4 39.
Nf6+ Kg3 40. Ra4 h2 41. Nh5+ Kg2 42. Nf4+ Kg3 43. Rf1 Rxc3+ 44. Ke2 Ng1+ 45.
Kd1 h1=Q 46. Ne5 Rc8 47. Ra3+ Kh4 48. Nxf7 Qb7 49. Ng6+ Kh5 50. Nf4+ Kg4 51.
Nh6+ Kg5 52. Nh3+ Kxh6 53. Nxg1 Qb1+ 54. Ke2 Qb2+ 55. Kf3 Rf8+ 56. Kg4 Qg7+ 57.
Kh3 Rxf1 58. Kh2 Qxg1+ 0-1

[Event "Tournoi Skype 028B"]
[Site "Skype"]
[Date "????.??.??"]
[Round "3.48"]
[White "Pourtahmasbi, Ednun"]
[Black "Ibanez, Bittor"]
[Result "0-1"]
[WhiteElo "1125"]
[BlackElo "1000"]
[PlyCount "56"]

1. e4 e5 2. Nf3 Nc6 3. Bb5 a6 4. Bxc6 dxc6 5. Nc3 Bd6 6. d4 Bg4 7. Be3 a5 8.
Qd2 Bxf3 9. gxf3 Ne7 10. d5 Bb4 11. Bg5 f6 12. Bh4 cxd5 13. exd5 Nxd5 14. f4
Nxf4 15. Rg1 Qxd2+ 16. Kxd2 O-O-O+ 17. Ke1 g5 18. Bg3 h5 19. Bxf4 exf4 20. Kf1
Rd2 21. Ne4 Rxc2 22. Nxf6 Rxb2 23. Nd5 Bc5 24. Rc1 Rxf2+ 25. Ke1 Re8+ 26. Kd1
Rxa2 27. Rc2 Rxc2 28. Kxc2 Bxg1 0-1